000 00184 a2200097 4500
020 _a9780425252987
041 _aeng
100 _aRoberts, Nora
245 _aCarolina moon
942 _cBK
999 _c29561
_d29559